000 00602nam a2200181Ia 4500
008 151018s9999 xx 000 0 und d
082 _bRBASDV44907
_a155.25
100 _aस्वेट मॉर्डेन
245 _aभाग्य स्वयं बनाए
250 _b1
260 _bअविष्कार
_c2007
300 _a134
600 _aस्वेट मॉर्डेन
630 _aभाग्य स्वयं बनाए
700 _aस्वेट मॉर्डेन
730 _aभाग्य स्वयं बनाए
942 _cBOOK
999 _c1044100
_d1044097